La observación electoral como iniciativa ciudadana: Alajuelita en el referéndum 2007 y las elecciones nacionales 2010 =
El artículo resalta la importancia de la observación electoral, como una nueva forma de involucrar a la ciudadanía en los procesos políticos. Señala los alcances de esta práctica en contextos democráticos; partiendo de la observación como instrumento para el registro de datos sobre la administración...
שמור ב:
| מחבר ראשי: | |
|---|---|
| פורמט: | Texto |
| נושאים: | |
| תגים: |
הוספת תג
אין תגיות, היה/י הראשונ/ה לתייג את הרשומה!
|
MARC
| LEADER | 00000 a a2200000 04500 | ||
|---|---|---|---|
| 001 | 44218 | ||
| 003 | |||
| 040 | |||
| 100 | |a Acuña Chaverri, Iván Anselmo | ||
| 245 | |a La observación electoral como iniciativa ciudadana: |b Alajuelita en el referéndum 2007 y las elecciones nacionales 2010 = |b Electoral observation as a citizen initiative: Alajuelita in the 2007 referendum and the 2010 national elections / |c Iván Anselmo Acuña Chaverri | ||
| 500 | |a ivacu83@gmail.com | ||
| 520 | |a El artículo resalta la importancia de la observación electoral, como una nueva forma de involucrar a la ciudadanía en los procesos políticos. Señala los alcances de esta práctica en contextos democráticos; partiendo de la observación como instrumento para el registro de datos sobre la administración y organización de las elecciones, hasta la posibilidad de ser garante de la transparencia del proceso. | ||
| 590 | |a RRH/FEBRERO2013 | ||
| 650 | |a ELECCIONES | ||
| 650 | |a POLITICA | ||
| 650 | |a OBSERVACION | ||
| 650 | |a CULTURA POLITICA | ||
| 650 | |a ESPACIO PUBLICO | ||
| 650 | |a COSTA RICA | ||
| 740 | |a Costa Rica: elecciones nacionales 2010: |b una mirada a su democracia | ||
| 773 | |g número130 (2010), páginas 145-160 : tablas, gráficos | ||
| 999 | |c 25968 |d 25968 | ||
| 773 | 0 | |0 18728 |9 3017 |a Universidad de Costa Rica |d San José, Costa Rica Editorial UCR 1956- |o 15060 |t Revista de Ciencias Sociales/ |x 04825276 | |
